00960nam a22002297a 4500003000900000005001700009008004400026040002300070092001500093100004400108245023500152250001200387260003400399300002900433500004500462700003300507942001200540945002600552952010300578956003200681999001700713DO-SdBNP20171127142434.0171127b xx sp ||||| |||| 00| 0 spa d aBPMSUbspa cBPMSU axxxxbxxxx1 aCarreño, Manuel Antonio,d1812-1874.10aManual de urbanidad y buenas maneras :bde consulta indispensable para niños, jovenes y adultos /cManuel Antonio Carreño ; revisión general Ángel A. Carrodeguas , ilustración y textos de recuadros Patricias L. Blanco. a2a ed.  aPanama :bAméricas, c197-? a432 p. :bil. ;c21 cm.  aIncluye datos biográficos del autor 12aBlanco, Patricias L. eil.  2ddccBK aInventariado 2017/ LP 00102ddc40708CGaBPMETbBPMETd2017-11-27eFUNDIl0pBPMSU17110464r2017-11-27w2017-11-27yBK aLOPEREZb10c20171127d0041 c13136d13136